Sports Stadium Nicknames - Statistics

General Stats
  • This quiz has been taken 108 times
  • The average score is 7 of 28
Answer Stats
Hint Answer % Correct
The House That Ruth Built Old Yankee Stadium (New York Yankees)
78%
The Frozen Tundra Lambeau Field (Green Bay Packers)
71%
The Big House Michigan Stadium (Michigan Wolverines)
67%
The Friendly Confines Wrigley Field (Chicago Cubs)
49%
The World's Most Famous Arena Madison Square Garden (Everything, Really......)
45%
The House That Rockne Built Notre Dame Stadium (Notre Dame Fighting Irish)
41%
The Vet Veterans Stadium (Philadelphia Eagles)
41%
Jerry's World Cowboys Stadium (Dallas Cowboys)
37%
The Phone Booth AT&T Park (San Francisco Giants)
33%
The Brickyard Indianapolis Motor Speedway
29%
The Stick Candlestick Park (San Francisco 49ers)
27%
8th Wonder Of The World Astrodome (Houston Astros)
25%
Lion's Den Ford Field (Detroit Lions)
23%
Death Valley Tigers Stadium (LSU Tigers)
21%
The Swamp Ben Hill Griffith Stadium (Florida Gators)
20%
Madhouse On Madison United Center (Chicago Bulls/Blackhawks)
19%
The Juice Box Minute Maid Park (Houston Astros)
18%
Happy Valley Beaver Stadium (Penn State Nittany Lions)
13%
The Dome Hubert H. Humphrey Metrodome (Minnesota Vikings/Twins)
13%
The Ballpark Rangers Ballpark In Arlington Texas (Texas Rangers)
12%
The Cell U.S. Cellular Field (Chicago White Sox)
11%
The Razor Gillette Stadium (New England Patriots)
9%
Stadium In A Park Soldier Field (Chicago Bears)
9%
The Loud House Carrier Dome (Syracuse Orange)
7%
Mistake By The Lake Municipal Stadium (Cleveland Indians/Browns)
7%
The Shark Tank HP Pavilion (San Jose Sharks)
5%
The Hanger American Airlines Center (Dallas Mavericks/Stars)
2%
House Of Paign Assembly Hall (Now State Farm Center)(Illinois Fighting Illini)
1%
No matching quizzes found
Score Distribution
Percent of People with Each Score
Percentile by Number Answered
Your Score History
You have not taken this quiz